000 00293nam a22001337a 4500
003 SGT
020 _a9781032699875
082 _a658
_bPRA
100 _aPRAKASH CHAND
245 _aHANDBOOK OF DISRUPTIVE TECHNOLOGIES
260 _aINDIA
_bCRC PRESS
_c2025
300 _a202
942 _2ddc
_cBK
999 _c33167
_d33167